00329nam a2200097Ia 4500008004100000245006300041245003700104260000900141650003300150856004800183171204s9999 xx 000 0 und d aIreland, Memory and Performing the Historical Imagination: cC. Collins and Mary P. Caulfield c2014 xINTRODUCTION TO THEATRE ARTS uhttp://down.ebook777.com/060/1137362170.pdf